Quizzes
Events
Quiz Creation
Community
Videos
Private Events
Remove Ads
Sign In
Join for FREE
Feedback
Dark Mode
Quiz Categories
Sports
Geography
Music
Movies
Television
Just For Fun
Miscellaneous
History
Literature
Language
Science
Gaming
Entertainment
Religion
Holiday
For Kids
Quiz Lab
Recent
Popular Today
Quiz Kudos Today
Editor Picks
Curator Picks
Quizzes by...
Day
Popularity
Type
Ratings
Length
Year
Community
Subscriptions
Recent Discussions
Orange Saloon
Badges
Playlists
Quests
Create
Leaderboards
Showdown
Live 5
Trivia Bingo
Activity
Puzzle Library
Sporcle Events
Private Events
Virtual Trivia
Globe League
Become a Host
Pub Owners
SporcleCon
Opinionation
Our Games
Videos
Blog
Mobile Apps
Partnerships
Remove Ads and Go Orange
Feedback
Sports
Athletes
MLB
NBA
NHL
NFL
Soccer
Sports Teams
WWE
NCAA
Football
Premier League
Basketball
Baseball
Hockey
Golf
Tennis
Cricket
Rugby
Auto Racing
Olympics
World Cup
Sports
Athletes
MLB
NBA
NHL
NFL
Soccer
Sports Teams
WWE
NCAA
Football
Premier League
Basketball
Baseball
Hockey
Golf
Tennis
Cricket
Rugby
Auto Racing
Olympics
World Cup
Random Quiz
Search Sporcle
×
Quiz Lab
Quiz Lab
Sports
Arsenal
Type in answers that appear in a list
Type in answers that appear in a list
Classic
Best Score? Go Orange.
Arsenal Players 2011-12 Stats
Can you name the Arsenal Players 2011-12?
By
iiimattzaiii
5m
30 Questions
33 Plays
33 Plays
33 Plays
Comments
Comments
Give Quiz Kudos
Give Quiz Kudos
-
- Ratings
hide this ad
Replay
Link that replays current quiz
Next Quiz
Link to next quiz in quiz playlist
You Got
0%
They Got
Avg Score
76%
Avg Friend Score
Upgrade to see
Score Distribution
Jump to the score distribution portion of the page
Score
0/30
Timer
05:00
0
Plays Today
Position
Player
% Correct
DF
Sagna
93.9%
GK
Almunia
90.9%
DF
Mertesacker
90.9%
DF
Vermaelen
90.9%
FW
Van Persie
90.9%
MF
Wilshere
90.9%
MF
Rosicky
87.9%
DF
Santos
87.9%
FW
Walcott
87.9%
MF
Diaby
84.8%
DF
Koscielny
84.8%
MF
Arteta
84.8%
MF
Ramsey
84.8%
DF
Gibbs
84.8%
MF
Song
81.8%
Position
Player
% Correct
GK
Fabianski
81.8%
GK
Szczesny
78.8%
DF
Djourou
78.8%
FW
Arshavin
75.8%
GK
Mannone
75.8%
FW
Chamakh
75.8%
FW
Park
72.7%
DF
Jenkinson
69.7%
FW
Gervinho
69.7%
FW
Oxlade-Chamberlain
63.6%
DF
Squillaci
63.6%
MF
Frimpong
57.6%
MF
Coquelin
45.5%
MF
Benayoun
36.4%
FW
Miyaichi
33.3%
Quiz Playlist
Details
Report
Send in Message
Add To Playlist
Classic:
Type in answers that appear in a list
Last Updated: Feb 16, 2017
Quiz Scoreboard
CHALLENGE
Sign Up to Join the Scoreboard
Show All
Scores
Hide
Comments
May contain spoilers
Recently Published
9x9 Crossword: Cartoon Network
by jackfrog10
Miscellaneous
3m
College Basketball Coaching Resumes
by pancakes188
Sports
9m
Billboard Blitz: Fleetwood Mac
by CooCooCachoo
Music
15s
More to Explore
Quiz From the Vault
Featured Blog Post
Where Did the Easter Bunny Come From?
hide this ad
You Might Also Like...
Tags
Arsenal
Player
Today's Top Quizzes in Sports
Browse Sports
hide this ad
Today's Top Quizzes in Arsenal
Browse Arsenal
Top Contributed Quizzes in Sports
1
2022 World Cup Stars
2
Les meilleurs buteurs des matchs entre le PSG et l’OM
3
FIFA Club World Cup Champions
4
Les entraîneurs de l'OM et du PSG au 21e siècle
5
Criteria MLB: Left Handed Sluggers
6
AFC Teams Reveal (Wrong Answers Minefield)
7
2023 MLB Unique Player Accomplishments
8
5-to-1: FBS Animal Nicknames
9
Players with Multiple 50 Home Run Seasons
10
5-to-1: UK Sports Teams
Explore More
Trending Topics
Harry Potter
Marvel
Disney
Kpop
NBA
Anime
Crossword
WWE
Song
Pokémon
Puzzle
The Office
Country
Soccer
NFL
hide this ad
More By:
iiimattzaiii
Quiz
Plays
Rating
Category
Featured
Created
Arsenal Players 2011-12
33
3.00
Sports
Dec 2, 2011
Go to Creator's Profile
Score Distribution
Quiz Creator Spotlight
iiimattzaiii
Follow
Send a Message
Quizzes Created
-
Created Quiz Play Count
-
More By This Creator
Popular Quizzes Today
1
Find the US States - No Outlines Minefield
2
Find the Countries of Europe - No Outlines Minefield
3
The Countries of the World
4
Find the US States
5
Risky Map Clicking: Biggest States A-Z
6
US States
7
Popular People in 1961
8
Movies - When Are They Set?
More Sports Quizzes
Manchester City Sponsors 1978-2019
Quiz Lab
Trending Quizzes
Risky Map Clicking: Least Populous States A-Z
1-10 Letter G Words
1-10 Letter F Words
Risky Map Clicking: Next State Alphabetically
Adjectives in 80s TV Shows
Recently Updated
Leaping Animals
pecheneg
Reality TV Shows (A-Z)
bhenderson79
Rickey Henderson's Hall of Fame Teammates
pecheneg
Champions League XIs: Arsenal
pecheneg
Quick Pick: Celebrities in WWE's Hall of Fame
aduchscher
A-Z Keypad Blitz II
pecheneg
Multiple Oscar Actors
pecheneg
Mystery Phrase Blitz: Oscar 'Best Actors'
pecheneg
F. Scott Fitzgerald Novels
LTH
Pick 3 Villains
ddd62291
Trending Topics
Disney
Harry Potter
Kpop
NBA
Marvel
Crossword
Anime
NFL
The Office
WWE
Puzzle
Country
Soccer
Song
Pokémon
Your Account Isn't Verified!
In order to create a playlist on Sporcle, you need to verify the email address you used during registration. Go to your
Sporcle Settings
to finish the process.
Report this User
Report this user for behavior that violates our
Community Guidelines
.
Details:
Send Report
Go to the Sporcle.com Mobile Site →
Comments